|
|
|
|
| LEADER |
01324nam a2200325 a 4500 |
| 001 |
14065506 |
| 008 |
111112s2007 maua 001 0 eng |
| 010 |
|
|
|a 2005053369
|
| 020 |
|
|
|a 0070635846
|
| 020 |
|
|
|a 9780072947755
|
| 020 |
|
|
|a 0072947756 (alk. paper)
|
| 040 |
|
|
|a DLC
|c DLC
|d DLC
|b D-DhAAL
|
| 042 |
|
|
|a pcc
|
| 082 |
0 |
0 |
|a 658.4/038/011
|2 22
|
| 100 |
1 |
|
|a Applegate, Lynda M.
|
| 245 |
1 |
0 |
|a Corporate information strategy and management :
|b text and cases /
|c Lynda M. Applegate, Robert D. Austin, F. Warren McFarlan.
|
| 250 |
|
|
|a 7th ed.
|
| 260 |
|
|
|a Boston, Mass. ;
|a New Delhi :
|b McGraw-Hill/Irwin,
|c c2007.
|
| 300 |
|
|
|a x, 657 p. :
|b ill. ;
|c 24 cm.
|
| 500 |
|
|
|a Includes bibliographical references (p. 637-640) and index.
|
| 541 |
|
|
|e 00015844
|
| 650 |
|
0 |
|a Information technology
|x Management.
|
| 650 |
|
0 |
|a Management information systems.
|
| 650 |
|
0 |
|a Information resources management.
|
| 650 |
|
0 |
|a Information technology
|x Management
|x Case studies.
|
| 700 |
1 |
|
|a Austin, Robert D.
|q (Robert Daniel),
|d 1962-
|
| 700 |
1 |
|
|a McFarlan, F. Warren
|q (Franklin Warren)
|
| 852 |
1 |
|
|a Ayesha Abed Library
|c General shelf.
|
| 999 |
|
|
|c 11390
|d 11390
|
| 952 |
|
|
|0 0
|1 0
|2 ddc
|4 0
|6 658_403801100000000_APP
|7 0
|9 18523
|a BRACUL
|b BRACUL
|c GEN
|d 2011-11-12
|l 2
|m 8
|o 658.4038011 APP
|p 3010015844
|r 2017-06-19
|s 2017-03-27
|t 1
|w 2011-11-12
|y BK
|